Urbanita ultilitaria unisex utópica. (Registro nro. 36890)
[ vista simple ]
| 000 -CABECERA | |
|---|---|
| campo de control de longitud fija | 00493nas a2200169 4500 |
| 001 - NÚMERO DE CONTROL | |
| campo de control | 000037400 |
| 005 - FECHA Y HORA DE LA ÚLTIMA TRANSACCIÓN | |
| campo de control | 20200930080337.0 |
| 008 - DATOS DE LONGITUD FIJA--INFORMACIÓN GENERAL | |
| campo de control de longitud fija | 120402c20069999dr mr1p dd 0 0spa d |
| 040 ## - FUENTE DE LA CATALOGACIÓN | |
| Centro catalogador/agencia de origen | DO-SdBNP |
| Lengua de catalogación | spa |
| Centro/agencia transcriptor | BNPHU |
| 043 ## - CÓDIGO DE ÁREA GEOGRÁFICA | |
| Código de área geográfica | nwdr |
| 245 00 - MENCIÓN DE TÍTULO | |
| Título | Urbanita ultilitaria unisex utópica. |
| 260 ## - PUBLICACIÓN, DISTRIBUCIÓN, ETC. | |
| Lugar de publicación, distribución, etc. | Santo Domingo : |
| Nombre del editor, distribuidor, etc. | Asalvo Comunicación, |
| Fecha de publicación, distribución, etc. | 2006. |
| 300 ## - DESCRIPCIÓN FÍSICA | |
| Extensión | v. : |
| Otras características físicas | il. ; |
| Dimensiones | 20 cm. |
| 310 ## - PERIODICIDAD ACTUAL | |
| Periodicidad actual | Mensual |
| 362 1# - FECHAS DE PUBLICACIÓN Y/O DESIGNACIÓN SECUENCIAL | |
| Fecha de publicación y/o designación secuencial | No. 6 (obtubre 2006) |
| 500 ## - NOTA GENERAL | |
| Nota general | Catalogación basada en : No. 6 (obtubre 2006) |
No hay ítems disponibles.
